00729nam a22002297a 4500001000700000003000900007005001700016007000700033008003500040040002200075100002200097245013300119250001200252260003800264300004000302500002500342500003000367700002000397700001800417700003600435700002800471000208DO-SdBNP20180313153609.0000208151210b 2002 mx a 00| 0 spa d aBPMSUbspacBPMSU1 aTippens, Paul E. 10aFísicabconceptos y aplicaciones cPaul E. Tippens, Paul Zitzewitz, Graig Kramer ; traducción Ángel Carlos González Ruiz a6a. ed. aMéxico ; bMcGraw-Hill, c2002. avi, 542 p.;bil.c28 cm. + CD Room  aManual del profesor. aBest seller internacional12aZitzewitz, Paul12aKramer, Graig12aGonzález Ruiz, Ángel Carlos12aGodo Costa, Juanetrad.